000 00622nam a2200277Ia 4500
005 20260324150148.0
008 008 260324s9999 xx 000 0 eng d
020 _a9781003635239
037 _aEBOOK
040 _aCRL
040 _beng
040 _cCRL
041 _2eng
041 _aeng
084 _qCRL
100 _aPeta Fordham
_91225459
245 0 _aInside the Underworld
260 _bTaylor and Francis
260 _c1972
365 _a
365 _b135
856 _uhttp://www.taylorfrancis.com/books/9781003635239
942 _cEBOOK
999 _c1834461
_d1834461